Kod amalan pengusahasilan hutan paya laut Semenanjung Malaysia

Bibliographic Details
Corporate Author: MALAYSIA
Format: Book
Published: Kuala Lumpur : Ibu Pejabat Perhutanan Semenanjung Malaysia , 1997
Subjects:

MARC

LEADER 00000cam a2200000 7i4500
001 0000002022
005 20030417.0
090 0 0 |a JPSM577.698   |b MAL 1997 
110 1 0 |a MALAYSIA   |c Ibu Pejabat Perhutanan Semenanjung Malaysia 
245 1 0 |a Kod amalan pengusahasilan hutan paya laut Semenanjung Malaysia 
260 0 0 |a Kuala Lumpur :   |b Ibu Pejabat Perhutanan Semenanjung Malaysia ,   |c 1997 
300 |a iv, 29 p. :   |b ill. ;   |c 30 cm. 
650 0 0 |a Forest management   |z Peninsular Malaysia   |x Handbooks, manuals, etc. 
650 0 0 |a Mangrove forests   |x Management   |z Peninsular Malaysia   |x Handbooks, manuals, etc. 
998 |a JPSM 
999 |a 0000004054   |b Monograph   |c Open Shelf   |e Default branch 
999 |a 0000004896   |b Monograph   |c Open Shelf   |e Default branch 
999 |a 0000004897   |b Monograph   |c Open Shelf   |e Default branch 
999 |a 0000004899   |b Monograph   |c Open Shelf   |e Default branch 
999 |a 0000004935   |b Monograph   |c Open Shelf   |e Default branch